00720nam a2200169 a 4500003000200000005001700002008004100019050002700060100003100087245010600118260009000224300004000314504004100354650004700395650005000442650005800492020250219142933.0110621s19uu xx 00 eng d aPHS HM 1231b.B46 2011 aBertillo, Isabela Marie P. aTo what extent did propaganda assist Adolf Hitler in his rise to power? /cIsabela Marie P. Bertillo. aLas Piñas City, Philippines :bSouthville International School and Colleges,c2011. a54 pages :billustrations ;c28 cm. aIncludes bibliographical references. aPropaganda, GermanxHistoryv20th century. aNazi propagandaxInfluence on public opinion. aHitler, Adolf, 1889-1945xPolitical and social views.